1542 1623 1299 1932 1809 1913 1821 1988 1256 1262 1276 1564 1908 1825 1412 1644 1017 1036 1089 1643 1278 1597 1414 1066 1351 1428 1356 1011 1809 1482 2000 1175 1393 1332 1179 1381 1531 1556 1563 1617 1951 1541 1037 1569 1389 1066 1177 1405 1453 1053 1713 1089 1413 1190 1268 1890 1853 1524 1983 1735 1145 1760 1043 1893 1902 1129 1381 1860 1864 1769 1858 1350 1088 1599 1969 1443 1136 1436 1367 1677 1275 1885 1024 1449 1795 1020 1877 1361 1245 1036 1295 1326 1682 1611 1090 1319 1093 1020 1948 BCNSPRNW ULIB Ver.6.0+V

เปลี่ยนเป็นภาษาไทย

Change to English
 แสดงรายละเอียดบรรณานุกรม
  กลับหน้าหลัก

Brief Record : Get Marc (ISO 2709) : E-mail record : QR code < ปิดหน้าต่าง
LEADER : 00000nam 2200000uu 4500
001    13399112637
003     ULIB
008    110829s2552||||th 000 0 tha d
020    9746111663
050  4 HV859.T5^bม246ก ล.2 2552
110 1  มหาวิทยาลัยสุโขทัยธรรมาธิราช. ^bสาขาวิชาคหกรรมศาสตร์
245 00 การจัดการสถานเลี้ยงเด็กในชุมชน หน่วยที่ 8-15=^bManagement of child carecenters /^cสาขาวิชาคหกรรมศาสตร์ มหาวิทยาลัยสุโขทัยธรรมาธิราช
246 31 Management of child care centers
250    พิมพ์ครั้งที่ 13
260    นนทบุรี :^bสำนักพิมพ์มหาวิทยาลัยสุโขทัยธรรมาธิราช,^c2552
300    2 เล่ม :^bภาพประกอบ ;^c30 ซม.
500    "เอกสารการสอนชุดวิชา 70423 หน่วยที่ 1-7, 8-15"- หน้าปกใน
650  4 เด็ก^xการดูแลและสุขวิทยา
650  4 สถานเลี้ยงเด็ก^xการจัดการ
945    ^p0^l0^i028853
945    ^p0^l0^i028854
995    ทศพร
999 ^a ทศพร
รายการนี้ยังไม่มีแท็ก
คุณยังไม่ได้ล็อกอิน คุณสามารถมีกิจกรรมร่วมกับเว็บไซต์ได้ แต่ต้องล็อกอินก่อน ::
  ล็อกอิน

รายการสื่อสารสนเทศ

ลำดับที่ ประเภท เลขเรียก/บาร์โค้ด สถานที่ สถานะ
- ไม่พบข้อมูล -

BibComment


ยังไม่เคยถูกคอมเมนท์

คอมเมนท์ทรัพยากรรายการนี้
  คอมเมนท์: การจัดการสถานเลี้..


 Copyright 2026. Bcnsprnw @Library